| 000 | 00479nam a2200169Ia 4500 | ||
|---|---|---|---|
| 008 | 190430s9999 xx 000 0 und d | ||
| 100 | _aTalavera, Catherine | ||
| 245 | _aIntegrated effort needed for Manila Bay cleanup - Cimatu/ | ||
| 245 | _cCatherine Talavera | ||
| 260 | _bThe Philippine Star | ||
| 260 | _c2019 | ||
| 300 | _aPage 14, January 18 | ||
| 440 |
_aThe Philippine Star _v33: 175 |
||
| 650 | _aclean-up program | ||
| 650 | _aGeography | ||
| 650 | _aManila bay | ||
| 999 |
_c361769 _d361769 |
||